Enhypen Members - Statistics

General Stats
  • This quiz has been taken 80 times
  • The average score is 7 of 7
Answer Stats
Nationality Answer % Correct
Korean,Australian Jake
98%
Korean,American Jay
98%
Japanese Ni-Ki
98%
Korean Heeseung
97%
Korean Jungwon
97%
Korean Sunghoon
95%
Korean Sunoo
95%
No matching quizzes found
Score Distribution
Percent of People with Each Score
Percentile by Number Answered
Your Score History
You have not taken this quiz